000 01342nam a22002777a 4500
001 BINCO
003 CO-MdBIC
005 20220407001908.0
008 220406b2010 ck a|||| |||| 00| 0 spa d
020 _a9789584528995
040 _a CO-MdBIC
_bspa.
_cCO-MdBIC
_d CO-MdBIC
041 _aspa
082 _222
_a869.3
_bM149
100 _aMachado, Ana María
_d1941
245 _aLa princesa que escogía
_cMachado, Ana María
_f1941
250 _aPrimera edición
260 1 _aBogotá, Colombia
_bNorma
_c[2010]
260 4 _a©2010
300 _a36 paginas;
_bilustraciones a color:
_c24 cm.
490 _aBuenas noches
500 _aEn un reino muy lejano, moderno y computarizado, vivía una princesa buena obediente. Un día, la princesa decidió ser diferente, expresar sus opiniones y tomar sus propias decisiones. Todos se horrorizaron y ella terminó castigada en la torre, lo que resultó ser muy afortunado. Allí, la princesa descubrió varias cosas: personas, animales, personajes, libros e historias que transformarían su vida. Este libro, divertido y encantador, revive lo mejor de los cuentos de hadas, llevando al lector a un viaje fantástico por el mundo de la lectura.
650 7 _9100
_aEducación infantil
700 _aOchoa, Santiago
_etraductor
700 _aLima, Graça
_d1958
_eilustrador
942 _cLGB
999 _c67701
_d67701